| 000 | 00577nam a22001697a 4500 | ||
|---|---|---|---|
| 003 | BD-DhUL | ||
| 005 | 20180319121856.0 | ||
| 008 | 180319s1928 ii ||||| |||| 00| 0 urd d | ||
| 040 |
_aBD-DhUL _cBD-DhUL |
||
| 082 |
_a304 _bABH |
||
| 100 | 0 | _aعبد اللہ یوسف علی | |
| 245 | 1 |
_aھند کی از منۃ وسطی میں معاشرتي اور اقتصادي جالات / _cعبد اللہ یوسف علی |
|
| 260 |
_aالهاباد : _bاندین پریس لمیتد، _c۔۱۹۲۸ |
||
| 300 |
_aص۔ ۱۱۴ ؛ _c۲۲ سم۔ |
||
| 650 | 0 | _aRelation | |
| 942 |
_2ddc _cBK |
||
| 999 |
_c239387 _d239387 |
||